| 000 | 00689nam a22002177a 4500 | ||
|---|---|---|---|
| 003 | SISC | ||
| 005 | 20160216124940.0 | ||
| 008 | 130831t xxu||||| |||| 00| 0 eng d | ||
| 020 | _a9780671604301 | ||
| 050 |
_aQE 392 _bC577 1986 |
||
| 082 |
_aHS 736 _bC49 1986 |
||
| 100 |
_aCipriani, Curzio. _915963 |
||
| 245 |
_aGuide to gems and precious stones _b Simon & Schusters : _cCurzio Cipriani and Alessandro Borell. |
||
| 260 |
_aNew York : _bSimon & Schuster Inc, _cc1986. |
||
| 300 |
_a384 p. : _bill, ; _c19 cm. |
||
| 504 | _aIncludes bibliographical references and index. | ||
| 562 | _e1 | ||
| 650 |
_aPrecious stones. _xcarring. _915964 |
||
| 942 |
_2lcc _cBK |
||
| 999 |
_c10095 _d10095 |
||